000 00222nam a22001217a 4500
040 _cSK
082 _a611
100 _aTHONG SOKHEAN
245 _aHUMAN ANATOMY
260 _aNA
_bTHO
_c2004
300 _a14p.
942 _cEK
999 _c8814
_d8814